000 00637nam a2200181Ia 4500
008 090124s9999 xx 000 0 und d
082 _b30871
100 _aफडणीस गजानन
245 _a हा खेऴ सावल्यांचा
250 _a0
260 _b"श्री जिवदानी प्रकाशन, आगाशी, वसई"
_c1992
300 _a214
600 _aफडणीस गजानन
630 _a हा खेऴ सावल्यांचा
700 _aफडणीस गजानन
730 _a हा खेऴ सावल्यांचा
942 _cBOOK
999 _c97012
_d97012